| 000 | 00964nam a22003017a 4500 | ||
|---|---|---|---|
| 003 | CHAP | ||
| 005 | 20220329143619.0 | ||
| 008 | 100930s2009 mx a r 00010 spa d | ||
| 010 | _a99349 | ||
| 011 | _a100321 | ||
| 035 | _a111007 | ||
| 040 | _cCHAP | ||
| 090 | _aFolleto 17775 | ||
| 100 | 1 |
_aPompa, Antonio _990764 |
|
| 245 | 1 | 0 |
_aPoblamiento de América _c/por Pompa Antonio |
| 260 |
_aMéxico, D.F. : _bINAH.Museo Nacional de Antropología, _c2009 |
||
| 300 |
_a30 p. : _bil. |
||
| 590 |
_aBATCH-UPD _b10 _c20130110 _lUCH01 _h1315 |
||
| 590 |
_aBATCH-UPD _b10 _c20130410 _lUCH01 _h0827 |
||
| 590 |
_aBATCH-UPD _b10 _c20130914 _lUCH01 _h0319 |
||
| 590 |
_aCONVERSION _b10 _c20130109 _lUCH01 _h1355 |
||
| 650 | 1 | 4 |
_aAmérica _xHistoria. _95368 |
| 650 | 1 | 4 |
_aVida silvestre. _9119155 |
| 710 | 0 |
_aInstituto Nacional de Antropología e Historia. México. _959286 |
|
| 901 | _aBK | ||
| 942 | _cFOLL | ||
| 949 |
_aFolleto 17775 _bBC _cFOLL _d33724002139322 _eTS1 _i111007 _sb |
||
| 999 |
_c99349 _d99349 |
||